Two Thieves (Record no. 1086355)

MARC details
000 -LEADER
fixed length control field 00469nam a2200205Ia 4500
008 - FIXED-LENGTH DATA ELEMENTS--GENERAL INFORMATION
fixed length control field 151119s9999||||xx |||||||||||||| ||und||
082 ## - DEWEY DECIMAL CLASSIFICATION NUMBER
Classification number 028.5sol/Two
082 ## - DEWEY DECIMAL CLASSIFICATION NUMBER
Item number GKKV34062
100 ## - MAIN ENTRY--PERSONAL NAME
Personal name Solapurkar Jyoti
245 ## - TITLE STATEMENT
Title Two Thieves
260 ## - PUBLICATION, DISTRIBUTION, ETC. (IMPRINT)
Place of publication, distribution, etc BOMBAY
260 ## - PUBLICATION, DISTRIBUTION, ETC. (IMPRINT)
Name of publisher, distributor, etc JYOTSNA PRAKASHN
260 ## - PUBLICATION, DISTRIBUTION, ETC. (IMPRINT)
Date of publication, distribution, etc 1993
300 ## - PHYSICAL DESCRIPTION
Extent 48p.
600 ## - SUBJECT ADDED ENTRY--PERSONAL NAME
Personal name Solapurkar Jyoti
630 ## - SUBJECT ADDED ENTRY--UNIFORM TITLE
Uniform title Two Thieves
700 ## - ADDED ENTRY--PERSONAL NAME
Personal name Solapurkar Jyoti
730 ## - ADDED ENTRY--UNIFORM TITLE
Uniform title Two Thieves
942 ## - ADDED ENTRY ELEMENTS (KOHA)
Koha item type Book
Holdings
Withdrawn status Lost status Damaged status Not for loan Home library Current library Date acquired Cost, normal purchase price Total Checkouts Full call number Barcode Date last seen Cost, replacement price Price effective from Koha item type
        G.K. Khandekar Vachanalaya, Mulund G.K. Khandekar Vachanalaya, Mulund 11/07/2014 0.00   GKKV34062 GKKV34062 11/19/2015 0.00 11/19/2015 Book